|
|
|
|
| LEADER |
01687nam a2200337 a 4500 |
| 001 |
14549101 |
| 003 |
BD-DhAAL |
| 008 |
091112s2006 enka b 001 0 eng d |
| 010 |
|
|
|a \\2005910188
|
| 020 |
|
|
|a 9781412923750
|
| 020 |
|
|
|a 1412923751
|
| 020 |
|
|
|a 8178297310
|
| 020 |
|
|
|a 9788178297316
|
| 040 |
|
|
|a DLC
|c DLC
|d DLC
|d BD-DhAAL
|
| 050 |
0 |
0 |
|a QA277
|b .K35 2006
|
| 082 |
0 |
0 |
|a 519.5/6
|2 22
|
| 100 |
1 |
|
|a Kanji, Gopal K.
|9 57931
|
| 245 |
1 |
0 |
|a 100 statistical tests /
|c Gopal K. Kanji.
|
| 246 |
3 |
|
|a One hundred statistical tests
|
| 250 |
|
|
|a Third edition.
|
| 260 |
|
|
|a London ;
|a Thousand Oaks, Calif. ;
|b New Delhi :
|b Sage Publications,
|c 2006.
|
| 300 |
|
|
|a 242 pages :
|b illustrations ;
|c 24 cm.
|
| 504 |
|
|
|a Includes bibliographical references and indexes.
|
| 526 |
|
|
|x Salim khan
Sr. program Associate
James P. Grant School.
Course name and no. N/A
Requisitioned by Faculties of BBS
Course name and no : N/A
|
| 541 |
1 |
|
|a Karim International
|e 00019566
|
| 650 |
|
0 |
|a Statistical hypothesis testing.
|9 50202
|
| 852 |
4 |
|
|a Ayesha Abed Library
|j General shelf
|
| 942 |
|
|
|2 ddc
|c BK
|
| 999 |
|
|
|c 5482
|d 5482
|
| 952 |
|
|
|0 0
|1 0
|2 ddc
|4 0
|6 519_560000000000000_KAN_2009
|7 0
|8 NFIC
|9 5354
|a BRACUL
|b BRACUL
|c GEN
|d 2009-11-15
|e Karim International
|g 456.00
|l 3
|m 12
|o 519.56 KAN
|p 3010019566
|r 2014-05-20
|s 2014-04-15
|t 1
|w 2009-11-15
|y BK
|x Requisitioned by Faculties of BBS. Course name and no. "not available".
|
| 952 |
|
|
|0 0
|1 0
|2 ddc
|4 0
|6 519_560000000000000_KAN
|7 0
|9 22511
|a BRACUL
|b BRACUL
|c GEN
|d 2013-05-27
|e Karim International
|g 530.00
|l 3
|m 5
|o 519.56 KAN
|p 3010018384
|r 2014-04-20
|s 2014-04-15
|t 2
|w 2013-05-27
|y BK
|x Requisitioned by Salim khan, Sr. program Associate, James P. Grant School. Course name and no. N/A
|